Datum a čas kvízu
25
Celkem bodů
Celkový počet nahraných bodů na tomto kvízu bez doplňovacích otázek.
5.
Pořadí na kvízu
Konečné umístění týmu na tomto kvízu.
Zaznamenané odpovědi
| # | Otázka | Odpověď | Body | Výsledky |
|---|---|---|---|---|
| 1. | Zástupci Rady řemeslných cechů... | 0 | ||
| 2. | Sopka Sinabung s nadmořskou vý... | 0 | ||
| 3. | Vražda na předpis. Tak se jmen... | 0 | ||
| 4. | Síť fastfoodů KFC musela ve Ve... | 1 | ||
| 5. | Napište výsledek sobotního utk... | 1 | ||
| 6. | Jistě se mezi Vámi najde mnoho... | 0 | ||
| 7. | Vodák, který jede na lodi vzad... | 1 | ||
| 8. | Místo, kde říční voda viditeln... | 1 | ||
| 9. | Část řeky, kde voda teče velmi... | 0 | ||
| 10. | Kanoistům se mezi vrcholovými... | 1 |